000
00259nam a2200109Ia 4500
008
190216s9999||||xx |||||||||||||| ||und||
100
_a
Wright M G
245
0
_a
Discounted Cash Flow
260
_b
Tata Mcgrawhill Publishers
_c
1975
300
_a
167p
942
_c
BK
999
_c
4242
_d
4242